000 01102nam a22003497a 4500
003 CHAP
005 20220329140216.0
008 971013s1972 r 00010 d
010 _a48585
011 _a49557
035 _a53706
040 _cCHAP
090 _aFolleto 2214
100 0 0 _aVela Cárdenas, Mario.
_9118347
245 _aWheat
_b: Mexican varietis
260 _aMéxico, D.F. :
_bProductora Nacional de Semillas,
_c1972
300 _a18 p.
_b: ilus.
490 _aCatálogo
_v; 1
500 _ac.4 en bodega
590 _aBATCH-UPD
_b10
_c20130110
_lUCH01
_h1411
590 _aBATCH-UPD
_b10
_c20130410
_lUCH01
_h0857
590 _aBATCH-UPD
_b10
_c20130914
_lUCH01
_h2053
590 _aCONVERSION
_b10
_c20130109
_lUCH01
_h1327
650 1 4 _aTrigo
_xVariedades.
_9115119
650 1 4 _aTrigo
_zMéxico.
_9115130
830 0 _aCatálogo
_v; 1
_920523
901 _aBK
942 _cFOLL
949 _aFolleto 2214
_bBC
_cFOLL
_d-118919
_eTS1
_i53706
_mD
_si
949 _aFolleto 2214
_bBC
_cFOLL
_d-118921
_eTS2
_fc.2
_i53706
_si
949 _aFolleto 2214
_bBC
_cFOLL
_d-118922
_eTS2
_fc.3
_i53706
_mD
_si
999 _c48585
_d48585